[Event "Baleares-chT"]
[Site "Palma de Mallorca"]
[Date "2022.03.05"]
[Round "7.4"]
[White "Fuster Aguilo, Joan"]
[Black "Gomila Marti, Santiago"]
[Result "1-0"]
[WhiteElo "1732"]
[BlackElo "1686"]
[PlyCount "107"]
[EventDate "2022.01.22"]
[EventType "team-tourn"]
[EventRounds "7"]
[EventCountry "ESP"]
[SourceTitle "EXT 2023"]
[Source "ChessBase"]
[SourceDate "2022.10.05"]
[SourceVersion "1"]
[SourceVersionDate "2022.10.05"]
[SourceQuality "1"]
[WhiteTeam "Cercle de Cultura Es Castell"]
[BlackTeam "Cercle Artistic de Ciutadella"]
[WhiteTeamCountry "ESP"]
[BlackTeamCountry "ESP"]

1. e4 d5 2. exd5 Nf6 3. Bb5+ Bd7 4. Be2 c6 5. dxc6 Nxc6 6. d4 Bf5 7. c3 e5 8. dxe5 Qxd1+ 9. Bxd1 Nxe5 10. Ba4+ Nfd7 11. Nf3 Nd3+ 12. Ke2 Bc5 13. Bxd7+ Kxd7 14. Rd1 Kc7 15. Rxd3 Bxd3+ 16. Kxd3 Bxf2 17. Bf4+ Kb6 18. Na3 Rhe8 19. Nc4+ Ka6 20. a4 Rad8+ 21. Nd4 Re7 22. b4 b6 23. b5+ Kb7 24. a5 Red7 25. a6+ Ka8 26. Be3 Bh4 27. Ne5 Rc7 28. Nec6 Re8 29. Rf1 Bf6 30. Rf4 Bg5 31. Re4 Rxe4 32. Kxe4 Bxe3 33. Kxe3 g6 34. Ke4 f5+ 35. Kd5 f4 36. Ne6 Rd7+ 37. Ke5 h6 38. Nxf4 g5 39. Nd5 h5 40. Ke6 Rg7 41. Nce7 h4 42. Nf6 Kb8 43. Nfg8 g4 44. Kf6 g3 45. h3 Rg4 46. Nc6+ Ka8 47. Nge7 Rg6+ 48. Kf7 Rf6+ 49. Ke8 Rd6 50. Nxa7 Rd2 51. Nac6 Rxg2 52. Nd5 Re2+ 53. Kf8 Rf2+ 54. Kg8 1-0

[Event "Mallorca-ch Amateur"]
[Site "Mallorca"]
[Date "2019.04.19"]
[Round "2.4"]
[White "Gomila Marti, Santiago"]
[Black "Payeras Pons, Pedro"]
[Result "1-0"]
[WhiteElo "1685"]
[BlackElo "1363"]
[PlyCount "63"]
[EventDate "2019.04.19"]
[EventType "swiss"]
[EventRounds "6"]
[EventCountry "ESP"]
[SourceTitle "EXT 2024"]
[Source "ChessBase"]
[SourceDate "2023.10.10"]
[SourceVersion "1"]
[SourceVersionDate "2023.10.10"]
[SourceQuality "1"]

1. e4 g6 2. d4 Bg7 3. Nc3 d6 4. Be3 Nf6 5. f3 0-0 6. Qd2 c6 7. Bh6 Bxh6 8. Qxh6 Qb6 9. 0-0-0 a5 10. h4 Nbd7 11. g4 Kh8 12. h5 Ng8 13. Qd2 Ndf6 14. hxg6 fxg6 15. Qg5 a4 16. Qxg6 Rf7 17. Qg5 Ra5 18. Qh4 Rg7 19. Nge2 Be6 20. Ng3 a3 21. b3 Qb4 22. Rd3 c5 23. d5 Bf7 24. Nf5 Bg6 25. Nxg7 Kxg7 26. Qh2 c4 27. Re3 cxb3 28. cxb3 Qd4 29. Qd2 Qxd2+ 30. Kxd2 Rc5 31. b4 Rc4 32. Bxc4 1-0